[Event "Munich WGP 2023"]
[Site "Munich GER"]
[Date "2023.02.02"]
[Round "1"]
[White "Harika,D"]
[Black "Koneru,H"]
[Result "1/2-1/2"]
[WhiteElo "2507"]
[BlackElo "2572"]
[EventDate "2023.02.02"]

1. e4 e5 2. Nf3 Nf6 3. Nxe5 d6 4. Nf3 Nxe4 5. d4 d5 6. Bd3 Bf5 7. O-O Be7
8. Re1 Nc6 9. Nbd2 Nxd2 10. Qxd2 Bxd3 11. Qxd3 O-O 12. c3 h6 13. Bf4 Bd6
14. Bxd6 Qxd6 15. Re2 Rae8 16. Rae1 Rxe2 17. Qxe2 a6 18. g3 f5 19. Ne5 Nxe5
20. Qxe5 Qxe5 21. Rxe5 c6 22. f4 g6 23. Kf2 Kf7 24. h4 Kf6 25. b3 b5 26.
Ke3 Rb8 27. Kd3 a5 28. c4 bxc4+ 29. bxc4 Rb2 30. cxd5 cxd5 31. Rxd5 Rxa2
32. Kc4 Ra3 33. Rd6+ Kf7 34. Ra6 Rxg3 35. Rxa5 Rg4 36. Ra7+ Ke8 37. Ra8+
Kd7 38. Ra7+ Ke8 39. Ra8+ Kd7 40. Ra7+ Ke8 41. Ra8+ 1/2-1/2

[Event "Munich WGP 2023"]
[Site "Munich GER"]
[Date "2023.02.02"]
[Round "1"]
[White "Muzychuk,M"]
[Black "Muzychuk,A"]
[Result "1/2-1/2"]
[WhiteElo "2523"]
[BlackElo "2522"]
[EventDate "2023.02.02"]

1. d4 Nf6 2. c4 e6 3. g3 c5 4. d5 exd5 5. cxd5 d6 6. Nc3 g6 7. Bg2 Bg7 8.
Nf3 O-O 9. O-O Re8 10. Nd2 a6 11. a4 Nbd7 12. h3 Rb8 13. Nc4 Ne5 14. Na3
Nh5 15. f4 Nxg3 16. fxe5 Bxe5 17. Bf4 Bd4+ 18. e3 Rxe3 19. Rf2 Qh4 20. Bxe3
Bxe3 21. Qf3 Bxf2+ 22. Kxf2 Ne4+ 23. Kg1 Nxc3 24. Qxc3 b5 25. axb5 axb5 26.
Qe1 Qd4+ 27. Qf2 Qd3 28. Qc2 Qd4+ 29. Qf2 Qd3 30. Qc2 Qd4+ 1/2-1/2

[Event "Munich WGP 2023"]
[Site "Munich GER"]
[Date "2023.02.02"]
[Round "1"]
[White "Tan Zhongyi"]
[Black "Zhu,Jiner"]
[Result "1-0"]
[WhiteElo "2530"]
[BlackElo "2486"]
[EventDate "2023.02.02"]

1. c4 e5 2. Nf3 Nc6 3. Nc3 Nf6 4. e3 Bb4 5. Qc2 O-O 6. Nd5 Re8 7. Qf5 d6 8.
Nxf6+ gxf6 9. Qc2 e4 10. Nh4 d5 11. a3 Bf8 12. cxd5 Qxd5 13. d4 exd3 14.
Bxd3 Qh5 15. Nf3 Bg4 16. Be2 Rad8 17. Bd2 Ne5 18. O-O-O Nxf3 19. gxf3 Bxf3
20. Rhg1+ Kh8 21. Bc3 Be7 22. Bxf3 Qxf3 23. Qa4 c6 24. Qb3 Rd5 25. Qxb7
Qxf2 26. Qxc6 Red8 27. Rdf1 Qxe3+ 28. Kb1 R5d6 29. Qg2 Qh6 30. Ka2 Re6 31.
Rf5 Re3 32. Rh5 Qf8 33. Bd2 Rxd2 34. Qxd2 Re5 35. Rh3 Rg5 36. Qc2 Qg8 37.
Re1 Bd6 38. Re8 1-0

[Event "Munich WGP 2023"]
[Site "Munich GER"]
[Date "2023.02.02"]
[Round "1"]
[White "Paehtz,E"]
[Black "Wagner,Dinara"]
[Result "1-0"]
[WhiteElo "2464"]
[BlackElo "2414"]
[EventDate "2023.02.02"]

1. e4 c5 2. Nf3 d6 3. Nc3 Nf6 4. e5 dxe5 5. Nxe5 Qc7 6. d4 e6 7. Bf4 Qa5 8.
Nc4 Qd8 9. Nb5 Nd5 10. Bg3 Nc6 11. Nbd6+ Bxd6 12. Nxd6+ Ke7 13. dxc5 Qa5+
14. Qd2 Qxc5 15. Qg5+ Kf8 16. O-O-O Qa5 17. Qh5 Qc7 18. Ne4 Nf4 19. Qc5+
Kg8 20. Qg5 e5 21. Bxf4 exf4 22. Rd7 Qb6 23. Bc4 h6 24. Nf6+ 1-0

[Event "Munich WGP 2023"]
[Site "Munich GER"]
[Date "2023.02.02"]
[Round "1"]
[White "Abdumalik,Z"]
[Black "Dzagnidze,N"]
[Result "0-1"]
[WhiteElo "2496"]
[BlackElo "2517"]
[EventDate "2023.02.02"]

1. e4 c5 2. Nf3 d6 3. d4 cxd4 4. Nxd4 Nf6 5. Nc3 a6 6. Bg5 e6 7. f4 h6 8.
Bh4 Nbd7 9. Qf3 e5 10. fxe5 Nxe5 11. Qe2 Be7 12. O-O-O Bg4 13. Nf3 Rc8 14.
h3 Bxf3 15. gxf3 Rxc3 16. bxc3 Qa5 17. Qe3 Qxa2 18. Rg1 O-O 19. Rd4 Rc8 20.
Kd2 Qa3 21. Be2 b5 22. f4 Ng6 23. Bg3 d5 24. exd5 Bc5 25. Bf3 b4 26. Bf2
Bxd4 27. Qxd4 Rxc3 28. Be4 Nxe4+ 29. Qxe4 Rf3 30. Be3 Qc3+ 31. Ke2 Rxh3 32.
d6 Rh2+ 33. Kf3 Nh4+ 34. Kg3 Re2 35. Kxh4 Rxe3 36. Qf5 Re2 37. Kg4 g6 38.
Qd5 Rd2 39. Qe5 f5+ 0-1

[Event "Munich WGP 2023"]
[Site "Munich GER"]
[Date "2023.02.03"]
[Round "2"]
[White "Koneru,H"]
[Black "Abdumalik,Z"]
[Result "1/2-1/2"]
[WhiteElo "2572"]
[BlackElo "2496"]
[EventDate "2023.02.02"]

1. d4 d5 2. c4 dxc4 3. Nf3 Nf6 4. e3 e6 5. Bxc4 c5 6. O-O Nc6 7. a3 a6 8.
Qe2 b5 9. Ba2 Bb7 10. Rd1 Qc7 11. dxc5 Bxc5 12. b4 Bd6 13. Bb2 Ne5 14. Nbd2
O-O 15. Rac1 Qb8 16. Nd4 Rc8 17. h3 Rxc1 18. Rxc1 Ne4 19. N2f3 Nxf3+ 20.
gxf3 Nf6 21. Nc6 Qe8 22. Na5 Bc8 23. Qd3 Bf8 24. Bb1 e5 25. Rc6 Qd7 26. h4
Qxd3 27. Bxd3 Bd7 28. Rb6 Nd5 29. Rb7 Bc8 30. Bxe5 Bxb7 31. Nxb7 Rc8 32.
Bd4 Rc1+ 33. Kg2 Rd1 34. Bc2 Nf4+ 35. Kh2 Rd2 36. Bf5 g6 37. Bc8 Rxf2+ 38.
Kg3 Rc2 39. Kxf4 Rxc8 40. Ke4 Rc2 41. Nc5 h5 42. Nxa6 g5 43. hxg5 h4 44.
Be5 Bg7 45. Bf4 h3 46. Kf5 Bb2 47. Nc7 Bxa3 48. Nxb5 Bxb4 49. Nc7 h2 50.
Bxh2 Rxh2 51. Nd5 Bc5 52. f4 Re2 53. e4 Bd4 54. e5 Kg7 55. Nf6 Rf2 56. Nh5+
Kf8 57. g6 fxg6+ 58. Kxg6 Ke7 59. Kf5 Be3 60. Ke4 Bc1 61. Kf5 Rf1 62. Kg5
Ke6 63. Ng7+ Kd5 64. Nh5 Bd2 65. Kf5 Rf2 66. Nf6+ Kc6 67. Nh5 Bc1 68. Kg5
Kd5 69. Kf5 Kd4 70. e6 Ba3 71. Kf6 Kd5 72. Kf7 Re2 73. f5 Re5 74. Ng7 Bb4
75. f6 Ba3 1/2-1/2

[Event "Munich WGP 2023"]
[Site "Munich GER"]
[Date "2023.02.03"]
[Round "2"]
[White "Dzagnidze,N"]
[Black "Muzychuk,M"]
[Result "1/2-1/2"]
[WhiteElo "2517"]
[BlackElo "2523"]
[EventDate "2023.02.02"]

1. c4 c6 2. d4 d5 3. Nf3 Nf6 4. Qc2 dxc4 5. e4 b5 6. b3 cxb3 7. axb3 e6 8.
Bd2 a5 9. Bd3 Be7 10. O-O h6 11. Nc3 O-O 12. e5 Nd5 13. Ne4 Nb4 14. Bxb4
Bxb4 15. h4 Bb7 16. Qe2 Nd7 17. Rfc1 Qe7 18. Bb1 Rfd8 19. Ra2 Nf8 20. Nc5
Bxc5 21. dxc5 Rd5 22. Qe3 Nd7 23. Qe4 g6 24. h5 Nxc5 25. Qe3 Kg7 26. Rd2
Rc8 27. hxg6 fxg6 28. Rd4 Rxd4 29. Nxd4 Nd7 30. Be4 Nxe5 31. Qg3 Qf6 32.
Re1 Nf7 33. Qc3 e5 34. Nf3 Ra8 35. Rd1 Rd8 36. Re1 Nd6 37. Qxa5 Nxe4 38.
Qc7+ Kf8 39. Rxe4 Qe7 40. Qb6 Rd1+ 41. Kh2 Rd5 42. Qe3 Kg7 43. Rxe5 Rxe5
44. Nxe5 c5 45. f4 Bd5 46. Kg1 b4 47. Qd3 Bf7 48. Nxf7 Qxf7 49. Qd6 h5 50.
Qe5+ Qf6 51. Qxc5 Qxf4 52. Qd5 h4 53. Qe6 Kh6 54. Kh1 Kh5 55. Kg1 Qf5 56.
Qc4 Qb1+ 57. Kh2 Qe1 58. Qd5+ Kh6 59. Qd6 Qc3 60. Qe6 Qc5 61. Qf6 Kh5 62.
Qe6 Kg5 63. Kh1 Qc1+ 64. Kh2 Qf4+ 65. Kh1 Qf1+ 66. Kh2 Qf6 67. Qd5+ Qf5 68.
Qd8+ Kh5 69. Qd1+ Qg4 70. Qd5+ Kh6 71. Qe5 Qg3+ 72. Qxg3 hxg3+ 73. Kxg3 Kg5
74. Kf3 Kf5 75. Ke3 Kg4 76. Kd4 Kg3 77. Kc4 Kxg2 78. Kxb4 g5 79. Ka5 g4 80.
b4 g3 81. b5 Kf3 1/2-1/2

[Event "Munich WGP 2023"]
[Site "Munich GER"]
[Date "2023.02.03"]
[Round "2"]
[White "Wagner,Dinara"]
[Black "Muzychuk,A"]
[Result "0-1"]
[WhiteElo "2414"]
[BlackElo "2522"]
[EventDate "2023.02.02"]

1. d4 Nf6 2. c4 g6 3. Nc3 d5 4. cxd5 Nxd5 5. e4 Nxc3 6. bxc3 Bg7 7. Nf3 c5
8. Bb5+ Nc6 9. O-O O-O 10. d5 Ne5 11. Nxe5 Bxe5 12. Be3 Bd7 13. Bxd7 Qxd7
14. Qd2 Rac8 15. Rac1 Bg7 16. f4 Rfd8 17. c4 e6 18. Rfd1 e5 19. Rf1 exf4
20. Rxf4 Qd6 21. Rcf1 Rc7 22. Qf2 Rf8 23. Rf3 Be5 24. g4 f6 25. g5 f5 26.
exf5 Rxf5 27. Rxf5 gxf5 28. Qxf5 Bxh2+ 29. Kh1 b6 30. a4 Be5 31. Bf4 Bxf4
32. Rxf4 Qe7 33. Kg2 Qe8 34. d6 Qc6+ 35. Re4 Qxd6 36. Rf4 Rd7 37. Rf2 Qe7
38. Kh2 Rd4 39. Kg1 Re4 40. Qd5+ Kg7 41. Rf7+ Qxf7 42. Qxe4 Qd7 43. Kg2
Qd2+ 44. Kh3 Qxg5 45. Qb7+ Kg6 46. Qxa7 Qe3+ 47. Kg2 Qe4+ 48. Kg3 Qe5+ 49.
Kg2 Qb2+ 50. Kg3 h5 51. Qb7 Qb3+ 52. Kg2 Qc2+ 53. Kg3 Qd3+ 54. Kg2 Qe2+ 55.
Kg3 Qe3+ 56. Kg2 Qd2+ 57. Kg3 Qd6+ 58. Kg2 h4 59. Qe4+ Kg5 60. Qe3+ Qf4 61.
Qe7+ Kf5 62. Qd7+ Ke4 63. Qc6+ Kd4 64. Qxb6 Qg3+ 65. Kh1 Qf3+ 66. Kh2 Qf2+
67. Kh1 h3 68. Qd6+ Kc3 69. Qe5+ Kb4 70. Qb8+ Ka3 0-1

[Event "Munich WGP 2023"]
[Site "Munich GER"]
[Date "2023.02.03"]
[Round "2"]
[White "Paehtz,E"]
[Black "Kosteniuk,A"]
[Result "0-1"]
[WhiteElo "2464"]
[BlackElo "2519"]
[EventDate "2023.02.02"]

1. e4 e5 2. Nf3 Nc6 3. Bc4 Bc5 4. b4 Bxb4 5. c3 Ba5 6. d4 d6 7. Qb3 Qd7 8.
O-O Bb6 9. Nbd2 Na5 10. Qc2 Nxc4 11. Nxc4 Qc6 12. Nxb6 axb6 13. dxe5 dxe5
14. Nxe5 Qa4 15. Qd3 Ne7 16. Qg3 O-O 17. Re1 c5 18. h4 Ng6 19. Nf3 h5 20.
Ne5 Nxe5 21. Qxe5 Re8 22. Qxh5 Rxe4 23. Bf4 Rxf4 0-1

[Event "Munich WGP 2023"]
[Site "Munich GER"]
[Date "2023.02.03"]
[Round "2"]
[White "Kashlinskaya,A"]
[Black "Tan Zhongyi"]
[Result "1/2-1/2"]
[WhiteElo "2491"]
[BlackElo "2530"]
[EventDate "2023.02.02"]

1. e4 c5 2. c3 e6 3. d4 d5 4. e5 Nc6 5. Nf3 Qb6 6. Bd3 Bd7 7. O-O cxd4 8.
Re1 Nh6 9. cxd4 Nxd4 10. Nxd4 Qxd4 11. Be3 Qh4 12. h3 Bb4 13. Nd2 Nf5 14.
Bxf5 exf5 15. a3 Bxd2 16. Qxd2 O-O 17. Qxd5 Bc6 18. Qd4 Qxd4 19. Bxd4 Rfd8
20. Bc3 Bd5 21. Rad1 h6 22. Rd4 Be6 23. Red1 Rxd4 24. Rxd4 Rc8 25. f4 Rc4
26. Rxc4 Bxc4 27. Kf2 h5 28. g3 Kf8 29. h4 Ke7 30. Ke3 Ke6 31. Kd4 1/2-1/2

[Event "Munich WGP 2023"]
[Site "Munich GER"]
[Date "2023.02.03"]
[Round "2"]
[White "Zhu,Jiner"]
[Black "Harika,D"]
[Result "1/2-1/2"]
[WhiteElo "2486"]
[BlackElo "2507"]
[EventDate "2023.02.02"]

1. e4 e5 2. Nf3 Nc6 3. Bb5 a6 4. Ba4 Nf6 5. O-O b5 6. Bb3 Bc5 7. c3 d6 8.
d4 Bb6 9. a4 Rb8 10. a5 Ba7 11. h3 Bb7 12. Be3 Nxe4 13. d5 Bxe3 14. dxc6
Nxf2 15. Qe2 Nxh3+ 16. Kh1 Nf2+ 17. Rxf2 Bxf2 18. cxb7 Ba7 19. Bd5 Qd7 20.
Nd4 Qe7 21. Bc6+ Kf8 22. Nf3 d5 23. Qxe5 Qxe5 24. Nxe5 Ke7 25. Bxb5 axb5
26. a6 Kd6 27. Nxf7+ Kc6 28. Nxh8 Rxh8 29. Nd2 Re8 30. b4 Re6 31. Kh2 Rh6+
32. Kg3 Rg6+ 33. Kh3 Rh6+ 34. Kg4 Rg6+ 35. Kf5 Rxg2 36. Nb3 Rf2+ 37. Ke6
Re2+ 38. Kf7 Re3 39. Ra5 Kb6 40. Nc5 c6 41. b8=Q Bxb8 42. a7 Bxa7 43. Ra6+
Kc7 44. Rxa7+ Kd6 45. Kxg7 Rxc3 46. Rd7+ Ke5 47. Rc7 Kd6 48. Rd7+ Ke5 49.
Rc7 Kd6 50. Rd7+ Ke5 1/2-1/2

[Event "Munich WGP 2023"]
[Site "Munich GER"]
[Date "2023.02.04"]
[Round "3"]
[White "Tan Zhongyi"]
[Black "Paehtz,E"]
[Result "1/2-1/2"]
[WhiteElo "2530"]
[BlackElo "2464"]
[EventDate "2023.02.02"]

1. Nf3 Nf6 2. c4 g6 3. Nc3 Bg7 4. e4 d6 5. d4 O-O 6. h3 Nc6 7. Be2 e5 8. d5
Nd4 9. Nxd4 exd4 10. Qxd4 Re8 11. Qd3 Qe7 12. Bg5 h6 13. Bxf6 Bxf6 14. Bf3
Be5 15. Kf1 h5 16. h4 f5 17. exf5 Bxf5 18. Ne4 Bxb2 19. Re1 Qg7 20. g3 Re7
21. Kg2 Rae8 22. Re2 Qd4 23. Qxd4 Bxd4 24. Rhe1 Kf8 25. Ng5 Rxe2 26. Rxe2
Rxe2 27. Bxe2 Ke7 28. f3 Bb1 29. Ne6 Be3 30. Nxc7 Bxa2 31. Bd3 a5 32. Kf1
Bb3 33. Ke2 Bc1 34. Nb5 Bb2 35. Ke3 a4 36. Nd4 Ba2 37. Bc2 Bxc4 38. Bxa4
Bxd5 39. Ne2 Be6 40. Kd2 Be5 41. Bc2 Kf6 42. Bd3 Bd7 43. f4 Ba1 44. Nc3 Be6
45. Be4 Bxc3+ 46. Kxc3 b5 47. Bd3 Bc4 48. Bc2 Bf7 49. Bd3 Be8 50. Kd4 Ke6
51. Bc2 Kf6 52. Bd3 Bd7 53. Kc3 Bc6 54. Kd4 Be8 55. Bc2 Bf7 56. Kc3 Bc4 57.
Bb1 Be2 58. Be4 Bf1 59. Kb4 Bc4 60. Kc3 Be6 61. Bd3 Bc4 62. Be4 d5 63. Bc2
Be2 64. Kd4 Bf3 65. Kc5 Be4 66. Bd1 Kf5 67. Kxb5 Bd3+ 68. Kc5 Ke4 69. f5
gxf5 70. Bxh5 Ke5 71. Bd1 Be4 72. h5 Kf6 1/2-1/2

[Event "Munich WGP 2023"]
[Site "Munich GER"]
[Date "2023.02.04"]
[Round "3"]
[White "Kosteniuk,A"]
[Black "Wagner,Dinara"]
[Result "1-0"]
[WhiteElo "2519"]
[BlackElo "2414"]
[EventDate "2023.02.02"]

1. e4 c5 2. Nf3 d6 3. Bb5+ Nd7 4. Ba4 Ngf6 5. O-O a6 6. c4 e6 7. Nc3 Be7 8.
d4 cxd4 9. Nxd4 O-O 10. Qe2 Ne5 11. Kh1 Qc7 12. Bb3 Bd7 13. f4 Nc6 14. Nxc6
Bxc6 15. a4 b6 16. Bc2 Qb7 17. b4 d5 18. b5 axb5 19. exd5 exd5 20. cxb5 Be8
21. Bb2 Bc5 22. Rad1 Rd8 23. Qf3 Qa8 24. Qg3 d4 25. Ne2 Ne4 26. Qf3 f5 27.
Nxd4 Bg6 28. Nc6 Rxd1 29. Qxd1 Qb7 30. Bd4 Kh8 31. Bxe4 Bxd4 32. Qxd4 fxe4
33. f5 Qf7 34. g4 Qb3 35. Qd6 Rf6 36. Qd8+ Qg8 37. Qxg8+ Kxg8 38. Re1 Be8
39. Ne7+ Kf8 40. Rxe4 h6 41. Kg2 g6 42. fxg6 Bxg6 43. Nxg6+ Rxg6 44. Kf3
Rd6 45. Kf4 Rd2 46. Re6 Rd4+ 47. Kf5 Kg7 48. Rg6+ Kh7 49. Rxb6 Rxa4 50.
Rb7+ Kg8 51. b6 Rb4 52. h3 Rb3 53. Kg6 Kf8 54. Rb8+ Ke7 55. b7 Rb6+ 56. Kh7
1-0

[Event "Munich WGP 2023"]
[Site "Munich GER"]
[Date "2023.02.04"]
[Round "3"]
[White "Harika,D"]
[Black "Kashlinskaya,A"]
[Result "1/2-1/2"]
[WhiteElo "2507"]
[BlackElo "2491"]
[EventDate "2023.02.02"]

1. e4 e6 2. d4 d5 3. Nc3 Nf6 4. Bg5 dxe4 5. Nxe4 Nbd7 6. Nxf6+ Nxf6 7. Nf3
h6 8. Bh4 c5 9. Be2 cxd4 10. Qxd4 Qxd4 11. Nxd4 Bc5 12. Nb3 Bb6 13. Bf3 Ke7
14. O-O-O Bc7 15. Rd4 Rd8 16. Rc4 Bb6 17. Bg3 Nd5 18. Rd1 Bd7 19. Bxd5 exd5
20. Rxd5 Bc6 21. Re5+ Kf8 22. f3 Rd5 23. Rxd5 Bxd5 24. Rc3 Re8 25. Nc5 Re2
26. Nd7+ Ke7 27. Nxb6 axb6 28. Rd3 Ke6 29. Rd2 Rxd2 30. Kxd2 b5 31. Bf2 h5
32. Ke3 Kd7 33. Kd4 Kc6 34. a3 g6 35. Ke5 Bc4 36. Kf6 Be6 37. Be3 Bd5 38.
Kg5 Kd7 39. Kf6 Be6 40. Ke5 Bf5 41. Kf6 Ke8 42. c3 Be6 43. h3 Bc4 44. g4
Be2 45. gxh5 gxh5 46. f4 Bf1 47. h4 Be2 48. Bd4 Bd1 49. Be5 Bb3 50. Bd4 Kd7
51. Bc5 Kc6 52. Bf8 Kd7 53. Be7 Kc6 54. Kg5 Bd1 55. b4 Kd7 56. Kf6 Bb3 57.
Bc5 Kc6 58. Bd4 Bc4 59. Be5 Bb3 60. Bd4 Bc4 61. Bf2 Bb3 62. Be1 Bc4 63. Bf2
1/2-1/2

[Event "Munich WGP 2023"]
[Site "Munich GER"]
[Date "2023.02.04"]
[Round "3"]
[White "Muzychuk,M"]
[Black "Koneru,H"]
[Result "1/2-1/2"]
[WhiteElo "2523"]
[BlackElo "2572"]
[EventDate "2023.02.02"]

1. e4 e5 2. Nf3 Nc6 3. Nc3 Nf6 4. d4 exd4 5. Nxd4 Bb4 6. Nxc6 bxc6 7. Bd3
d5 8. exd5 O-O 9. O-O cxd5 10. Bg5 Be6 11. Qf3 h6 12. Bxf6 Qxf6 13. Qxf6
gxf6 14. Nb5 c5 15. a3 Ba5 16. b4 Bb6 17. Rfd1 Rfd8 18. c3 Rac8 19. a4 a6
20. bxc5 Rxc5 21. Nd4 Ra8 22. Bf5 Re8 23. Re1 Rxc3 24. Nxe6 fxe6 25. Bxe6+
Kf8 26. Bxd5 Rxe1+ 27. Rxe1 Ra3 28. Bc6 Ra2 29. Re8+ Kf7 30. Bd5+ Kxe8 31.
Bxa2 Ke7 1/2-1/2

[Event "Munich WGP 2023"]
[Site "Munich GER"]
[Date "2023.02.04"]
[Round "3"]
[White "Abdumalik,Z"]
[Black "Zhu,Jiner"]
[Result "0-1"]
[WhiteElo "2496"]
[BlackElo "2486"]
[EventDate "2023.02.02"]

1. e4 c5 2. Nf3 e6 3. d4 cxd4 4. Nxd4 Nf6 5. Nc3 Nc6 6. Ndb5 d6 7. Bf4 e5
8. Bg5 a6 9. Na3 b5 10. Nd5 Be7 11. Bxf6 Bxf6 12. c3 Bg5 13. Nc2 Rb8 14.
Be2 O-O 15. O-O Be6 16. Ndb4 Nxb4 17. Nxb4 Qb6 18. Qd3 Bc4 19. Qd1 Be6 20.
Qd3 a5 21. Nd5 Qb7 22. Rad1 b4 23. c4 b3 24. a3 Rfc8 25. Qg3 Bd8 26. Kh1
Rc5 27. Nc3 Qc6 28. f4 Bxc4 29. Bxc4 Rxc4 30. fxe5 dxe5 31. Qxe5 Bc7 32.
Qh5 Qe6 33. Rd5 f6 34. Rb5 Rd4 35. Rxb8+ Bxb8 36. Qxa5 Rd2 37. Qh5 Rxb2 38.
Rd1 Bd6 39. Nb5 Qxe4 40. Qf7+ Kh8 41. Rg1 Bc5 42. h3 h6 43. Nc3 Qa8 44. Nd5
Bxg1 45. Kxg1 Rxg2+ 0-1

[Event "Munich WGP 2023"]
[Site "Munich GER"]
[Date "2023.02.04"]
[Round "3"]
[White "Muzychuk,A"]
[Black "Dzagnidze,N"]
[Result "1/2-1/2"]
[WhiteElo "2522"]
[BlackElo "2517"]
[EventDate "2023.02.02"]

1. e4 c5 2. Nf3 d6 3. Bb5+ Nd7 4. d4 cxd4 5. Nxd4 Ngf6 6. O-O a6 7. Bd3 Nc5
8. Re1 e6 9. c4 Be7 10. Nc3 Nxd3 11. Qxd3 O-O 12. a4 Bd7 13. h3 Rc8 14. b3
Qc7 15. Be3 Qa5 16. Bd2 Qc7 17. a5 Rfd8 18. Rec1 Qb8 19. Be3 Be8 20. Nf3
Nd7 21. Qb1 Bf6 22. Ra2 h6 23. Na4 d5 24. exd5 exd5 25. cxd5 Rxc1+ 26. Qxc1
Ne5 27. Nxe5 Qxe5 28. Nb6 Bb5 29. Rc2 Qe4 30. Rc7 Qb4 31. Rxb7 1/2-1/2

[Event "Munich WGP 2023"]
[Site "Munich GER"]
[Date "2023.02.05"]
[Round "4"]
[White "Zhu,Jiner"]
[Black "Muzychuk,M"]
[Result "0-1"]
[WhiteElo "2486"]
[BlackElo "2523"]
[EventDate "2023.02.02"]

1. e4 c5 2. Nf3 Nc6 3. Bb5 e6 4. O-O Nge7 5. Bxc6 Nxc6 6. d4 cxd4 7. Nxd4
d6 8. c4 Be7 9. Be3 O-O 10. Nc3 Bd7 11. Nxc6 Bxc6 12. Qd2 Bf6 13. Bd4 Bxd4
14. Qxd4 Qe7 15. Rad1 Rfd8 16. Rd2 b6 17. Rfd1 Rd7 18. Qe3 Rad8 19. Qg3 h6
20. h4 Kh7 21. a4 g6 22. b3 f5 23. e5 dxe5 24. Rxd7 Rxd7 25. Qxe5 Rxd1+ 26.
Nxd1 Kg8 27. Nc3 Kf7 28. Ne2 Bd7 29. Nf4 Qxh4 30. Nd3 Be8 31. a5 bxa5 32.
c5 Bb5 33. Nf4 Qe7 34. Qc3 Qc7 35. g3 g5 36. Qh8 Qe7 37. Nh5 Kg6 38. g4
fxg4 39. Ng3 Bc6 40. Qg8+ Kf6 41. Qh8+ Kf7 42. Qe5 Bd5 43. Qc3 Qf6 44. Qxa5
Qf3 45. Qxa7+ Kg6 0-1

[Event "Munich WGP 2023"]
[Site "Munich GER"]
[Date "2023.02.05"]
[Round "4"]
[White "Paehtz,E"]
[Black "Harika,D"]
[Result "1/2-1/2"]
[WhiteElo "2464"]
[BlackElo "2507"]
[EventDate "2023.02.02"]

1. e4 e5 2. Nf3 Nc6 3. Nc3 Nf6 4. d4 exd4 5. Nxd4 Bb4 6. Nxc6 bxc6 7. Bd3
d5 8. Bd2 O-O 9. O-O a5 10. Re1 Bg4 11. Qc1 Re8 12. exd5 Rxe1+ 13. Qxe1
cxd5 14. a3 Bf8 15. Bf4 c6 16. Qd2 Nd7 17. Na4 Be6 18. Qe3 g6 19. Re1 c5
20. b3 Rc8 21. Ba6 Ra8 22. Bb5 Rc8 23. Ba6 Ra8 24. Bb5 Rc8 25. Ba6 1/2-1/2

[Event "Munich WGP 2023"]
[Site "Munich GER"]
[Date "2023.02.05"]
[Round "4"]
[White "Kosteniuk,A"]
[Black "Tan Zhongyi"]
[Result "1-0"]
[WhiteElo "2519"]
[BlackElo "2530"]
[EventDate "2023.02.02"]

1. e4 c5 2. Nf3 g6 3. c3 d5 4. e5 Nc6 5. Bb5 Bg4 6. O-O Qb6 7. c4 O-O-O 8.
Bxc6 Qxc6 9. h3 Be6 10. Ng5 dxc4 11. Nxe6 Qxe6 12. Re1 Nh6 13. b3 Nf5 14.
Ba3 b6 15. b4 cxb4 16. Bxb4 Qc6 17. Na3 Rd4 18. Nc2 Rd3 19. Rc1 Bh6 20. Qg4
Kb7 21. Re4 b5 22. Rb1 Rc8 23. Bc3 a5 24. Na3 Ka6 25. Rxb5 Rxc3 26. dxc3
Bc1 27. Rxc4 Qxc4 28. Rxa5+ Kxa5 29. Nxc4+ Kb5 30. a4+ Kc5 31. Na5 Rb8 32.
Qc4+ Kb6 33. Qb5+ Kc7 34. Qc6+ 1-0

[Event "Munich WGP 2023"]
[Site "Munich GER"]
[Date "2023.02.05"]
[Round "4"]
[White "Wagner,Dinara"]
[Black "Dzagnidze,N"]
[Result "1/2-1/2"]
[WhiteElo "2414"]
[BlackElo "2517"]
[EventDate "2023.02.02"]

1. d4 Nf6 2. c4 e6 3. Nf3 d5 4. g3 Be7 5. Bg2 O-O 6. Qc2 dxc4 7. Qxc4 a6 8.
Qc2 b6 9. Bg5 Bb7 10. Bxf6 Bxf6 11. Ng5 Bxg5 12. Bxb7 Ra7 13. Be4 f5 14.
Bg2 Qxd4 15. Nc3 Qc4 16. O-O Nc6 17. Rfd1 Nd4 18. Qd3 Qxd3 19. Rxd3 c5 20.
e3 Nb5 21. Nxb5 axb5 22. Rd6 Rb8 23. Rxe6 Bf6 24. Rd1 Kf8 25. a3 Bxb2 26.
Rb1 Bf6 27. Rxb5 Bd8 28. Re5 c4 29. Rxf5+ Bf6 30. g4 c3 31. Be4 h6 32. h4
Ra4 33. Rb4 Rxb4 34. axb4 Ke8 35. g5 hxg5 36. hxg5 Be7 37. Re5 Rc8 38. Bg6+
Kf8 39. Rf5+ Kg8 40. Re5 Bxb4 41. Bc2 Bd6 42. Rb5 Rc6 43. Kg2 Kf7 44. Kf3
Bc5 45. Ke4 Rd6 46. Rb3 Rd2 47. Rxc3 Rxf2 48. Ke5 g6 49. Be4 Rd2 50. Kf4
Rf2+ 51. Kg3 Rd2 52. Kf3 Rd1 53. Rd3 Rg1 54. Rd7+ Ke6 55. Rg7 Ke5 56. Rxg6
Re1 57. Bc2 Rxe3+ 58. Kg4 Re2 59. Bd3 Rg2+ 60. Kf3 Rf2+ 61. Kg4 Rg2+ 62.
Kf3 Rf2+ 63. Kg4 1/2-1/2

[Event "Munich WGP 2023"]
[Site "Munich GER"]
[Date "2023.02.05"]
[Round "4"]
[White "Koneru,H"]
[Black "Muzychuk,A"]
[Result "1-0"]
[WhiteElo "2572"]
[BlackElo "2522"]
[EventDate "2023.02.02"]

1. d4 Nf6 2. c4 g6 3. Nc3 d5 4. Nf3 Bg7 5. h4 c6 6. cxd5 cxd5 7. Bf4 Nc6 8.
e3 O-O 9. Qb3 Na5 10. Qa3 Bf5 11. Be2 Nc4 12. Qb3 Qb6 13. O-O Nxb2 14. Ne5
Rfc8 15. Rfc1 Nc4 16. Nxc4 dxc4 17. Bxc4 Qxb3 18. axb3 Be6 19. Nb5 Nd5 20.
Nxa7 Rxa7 21. Rxa7 Nxf4 22. Rca1 Nd5 23. Rxb7 Bf6 24. Ra5 Rd8 25. g3 Nc3
26. Rba7 Kg7 27. Ra8 Rd7 28. R5a7 Rd6 29. Ra6 Rd7 30. R8a7 Rd8 31. Ra8 Rd7
32. Bxe6 fxe6 33. Rxe6 Rb7 34. Raa6 Rxb3 35. Reb6 Rxb6 36. Rxb6 h6 37. Rc6
Ne4 38. Kg2 g5 39. Kf3 Nd6 40. h5 Kf7 41. g4 Bg7 42. Ke2 Ne4 43. f3 Nf6 44.
e4 Nd7 45. e5 Nf8 46. Ke3 Ne6 47. Ke4 Nf4 48. d5 Ne2 49. Rc2 Ng3+ 50. Kd4
Kf8 51. Rg2 Nf1 52. Ke4 Kf7 53. f4 1-0

[Event "Munich WGP 2023"]
[Site "Munich GER"]
[Date "2023.02.05"]
[Round "4"]
[White "Kashlinskaya,A"]
[Black "Abdumalik,Z"]
[Result "1/2-1/2"]
[WhiteElo "2491"]
[BlackElo "2496"]
[EventDate "2023.02.02"]

1. d4 d5 2. c4 e6 3. Nf3 Nf6 4. Nc3 c6 5. Bg5 Be7 6. e3 Nbd7 7. Bd3 h6 8.
Bh4 O-O 9. O-O dxc4 10. Bxc4 b5 11. Bd3 Bb7 12. Rc1 Rc8 13. Bxf6 Nxf6 14.
Ne4 Nxe4 15. Bxe4 f5 16. Bc2 c5 17. dxc5 Bxc5 18. Bb3 Qe7 19. Nd4 Rf6 20.
Ne2 Rd8 21. Qc2 Bb6 22. Nf4 Kh8 23. Rfd1 Rdf8 24. Qc3 e5 25. Nd5 Bxd5 26.
Rxd5 b4 27. Qxe5 Re6 28. Qf4 Rxe3 29. Rf1 Re4 30. Qf3 Re2 31. Bc4 Re5 32.
b3 Rxd5 1/2-1/2

[Event "Munich WGP 2023"]
[Site "Munich GER"]
[Date "2023.02.06"]
[Round "5"]
[White "Muzychuk,A"]
[Black "Zhu,Jiner"]
[Result "1/2-1/2"]
[WhiteElo "2522"]
[BlackElo "2486"]
[EventDate "2023.02.02"]

1. e4 c5 2. Nf3 e6 3. d4 cxd4 4. Nxd4 Nf6 5. Nc3 Nc6 6. Be2 Bb4 7. O-O d6
8. Qd3 O-O 9. Nxc6 bxc6 10. Qg3 Kh8 11. a3 Ba5 12. Rd1 d5 13. b4 Bc7 14.
Bf4 Bxf4 15. Qxf4 Qe7 16. Qe5 Bb7 17. exd5 cxd5 18. Nb5 Rfd8 19. c4 dxc4
20. Bxc4 Bd5 21. Bxd5 Nxd5 22. Rac1 Rac8 23. h3 Rxc1 24. Rxc1 h6 25. Nd4
Qb7 26. Rc5 Nf6 27. Rc4 Rd5 28. Qe3 a5 29. Nc6 axb4 30. axb4 Rd1+ 31. Kh2
Qb5 32. Ne5 Kh7 33. Qc3 Qd5 34. Rc5 Qd6 35. Rc6 Qd5 36. Rc5 Qd6 37. Rc6 Qd5
38. Rc5 1/2-1/2

[Event "Munich WGP 2023"]
[Site "Munich GER"]
[Date "2023.02.06"]
[Round "5"]
[White "Tan Zhongyi"]
[Black "Wagner,Dinara"]
[Result "1/2-1/2"]
[WhiteElo "2530"]
[BlackElo "2414"]
[EventDate "2023.02.02"]

1. d4 Nf6 2. c4 e6 3. g3 d5 4. Bg2 dxc4 5. Qa4+ Nbd7 6. Qxc4 c5 7. Nf3 a6
8. Qc2 cxd4 9. Nxd4 Bc5 10. Nb3 Bd6 11. O-O O-O 12. Rd1 Qe7 13. Nc3 Rb8 14.
Be3 Ne5 15. Bg5 Qc7 16. Bxf6 gxf6 17. Qd2 Be7 18. Rac1 Qb6 19. Ne4 Kg7 20.
g4 Nxg4 21. h3 Ne5 22. Qf4 Bd7 23. Ng3 Bc6 24. Bxc6 bxc6 25. Nd4 Kh8 26. b3
Rg8 27. Kf1 c5 28. Nf3 Ng6 29. Qe3 Rbd8 30. Ne4 Qc7 31. Rxd8 Rxd8 32. b4 c4
33. a3 Nf4 34. Qc3 e5 35. Nfd2 Qd7 36. Nxc4 Rc8 37. Ned2 Qf5 38. Qf3 Rg8
39. Rc3 Qg5 40. Qg4 Qh6 41. Qf5 Rg5 42. Qc8+ Rg8 43. Qf5 Rg5 44. Qc8+ Rg8
45. Qf5 1/2-1/2

[Event "Munich WGP 2023"]
[Site "Munich GER"]
[Date "2023.02.06"]
[Round "5"]
[White "Abdumalik,Z"]
[Black "Paehtz,E"]
[Result "1/2-1/2"]
[WhiteElo "2496"]
[BlackElo "2464"]
[EventDate "2023.02.02"]

1. e4 c5 2. Nf3 Nc6 3. d4 cxd4 4. Nxd4 Nf6 5. Nc3 e5 6. Ndb5 d6 7. Bg5 a6
8. Na3 b5 9. Nd5 Be7 10. Bxf6 Bxf6 11. c3 Bg5 12. Nc2 Rb8 13. a4 bxa4 14.
Ncb4 Nxb4 15. Nxb4 Bd7 16. Bxa6 Qa5 17. Qxd6 Rb6 18. Qd3 Be7 19. Nd5 Rxb2
20. O-O Qc5 21. c4 Rb3 22. Qe2 Bd6 23. Bb5 Bxb5 24. cxb5 Qxb5 25. Qg4 O-O
26. Nf6+ Kh8 27. Qf5 gxf6 28. Qxf6+ Kg8 29. Qg5+ Kh8 30. Qf6+ Kg8 1/2-1/2